000 00867nam a22002657a 4500
003 UA-OsUOA
001 83966
007 ta
008 20120511b un ||||| |||| 00| 0 ukr d
100 _aШвецова-Водка Г.М.
090 _a651.4/9(038)
_bШ35
942 _cBK
040 _aUA-OsUOA
_bukr
_cUA-OsUOA
_dUA-OsUOA
245 _aДокументознавство
_bнавч. посіб.
300 _a319 с.
955 _a2
041 _aukr
080 _a651.4/9(038)
020 _a978-966-346-965-2
260 _aК.
_bЗнання
_c2012
246 3 1 _aсловник-довідник термінів і понять
_n
250 _n2-ге вид., стер.
650 7 _a651 Конторська (канцелярська) справа. Офіс-менеджмент. Діловодство. Оргтехніка
_2UDC
999 _c370268
_d370268